000 05041nam a2200529 a 4500
005 20071023093225.0
008 070607s2007 ii b 001 0 eng
010 _aB-272380-397
020 _a0415430801
_c550.00
020 _a9780415430807
_c550.00
035 _aB-272380-397
037 _aAakar/I-104/2.6.08/32/16.5.08/11.6.08
040 _adpl
_bEnglish
082 _a303.623
100 _aChatterji, Roma.
245 _aLiving with violence :
_ban anthropology of events and everyday life /
_cby Roma Chatterji [and] Deepak Mehta.
260 _aNew Delhi
_bRoutledge
_c2007
300 _axii, 201 p.
_c23 cm (Hb)
490 _aCritical Asian studies
504 _aIncludes bibliographical references and index.
520 _aAccount of the Hindu Muslim riots in Dhārāvi, Bombay during December 1992-January 1993.
650 _aRiots
_zIndia
_zDhārāvi.
650 _aHindus
_zIndia
_zDhārāvi.
650 _aMuslims
_zIndia
_zDhārāvi.
942 _2ddc
_cEN
_mCHA
_h303.623
999 _c20303
_d20303